Second Most Spoken Language of Every European Nation - Statistics

General Stats
  • This quiz has been taken 68 times
  • The average score is 38 of 45
Answers on the Map
Answers color-coded by a green-red scale on the quiz's map according to % correct below.
 
Answer Stats
Country Language % Correct
Estonia Russian
100%
Latvia Russian
100%
Lithuania Russian
100%
Moldova Russian
100%
Ukraine Russian
100%
Malta English
98%
Belgium French
98%
Portugal French
98%
Switzerland French
98%
Vatican City German
98%
Liechtenstein Italian
97%
Monaco Italian
97%
Bosnia and Herzegovina Serbian
94%
Croatia Serbian
94%
Kosovo Serbian
94%
Austria Turkish
94%
Bulgaria Turkish
94%
Denmark Turkish
94%
Germany Turkish
94%
France Arabic
92%
Sweden Arabic
92%
Albania Greek
92%
Finland Swedish
92%
Iceland Polish
86%
Ireland Polish
86%
Norway Polish
86%
United Kingdom Polish
86%
Hungary Romani
86%
Greece Albanian
83%
North Macedonia Albanian
83%
Andorra Catalan
81%
Spain Catalan
81%
Slovenia Croatian
81%
Romania Hungarian
81%
Serbia Hungarian
81%
Slovakia Hungarian
81%
Czechia Ukrainian
75%
Poland Ukrainian
75%
Belarus Belarusian
70%
Luxembourg Portuguese
67%
San Marino Romanian
67%
Russia Tatar
47%
Montenegro Montenegrin
45%
Netherlands Western Frisian
39%
Italy Sardinian
38%
No matching quizzes found
Score Distribution
Percent of People with Each Score
Percentile by Number Answered
Your Score History
You have not taken this quiz